1096 1044 1469 1692 1002 1592 1445 1848 1451 1408 1612 1559 1772 1056 1701 1967 1174 1682 1833 1867 1584 1983 1780 1085 1554 1971 1671 1863 1947 1727 1263 1445 1706 1080 1500 1373 1405 1113 1185 1415 1692 1904 1915 1806 1685 1509 1227 1386 1080 1470 1413 1666 1198 1003 1978 1121 1803 1032 1792 1579 1371 1425 1041 1531 1277 1704 1845 1508 1147 1426 1930 1795 1573 1450 1666 1842 1116 1635 1078 1280 1166 1044 1352 1053 1063 1626 1026 1725 1247 1965 1203 1950 1073 1479 1750 1507 1743 1927 1104 BCNSPRNW ULIB Ver.6.0+V

เปลี่ยนเป็นภาษาไทย

Change to English
 แสดงรายละเอียดบรรณานุกรม
  กลับหน้าหลัก

Brief Record : Get Marc (ISO 2709) : E-mail record : QR code < ปิดหน้าต่าง
LEADER : 00000nam 2200000uu 4500
001    13399114058
003     ULIB
008    110627s||||||||th 000 0 tha d
020    9789747503159
090    นว.^bซ118ก 2550
100 0  ซอย ยูริ
245 00 กรุ่นกลิ่นไปรักดอกไม้แดง 2/^cซอย ยูริ
250    พิมพ์ครั้งที่ 1
260    กรุงเทพฯ :^bแจ่มใส,^c2550
300    229 หน้า
710 1  แจ่มใส
945    ^p0^l0^i021045
995    ทศพร
999 ^a ใช้งานได้ทุกระบบ
รายการนี้ยังไม่มีแท็ก
คุณยังไม่ได้ล็อกอิน คุณสามารถมีกิจกรรมร่วมกับเว็บไซต์ได้ แต่ต้องล็อกอินก่อน ::
  ล็อกอิน

รายการสื่อสารสนเทศ

ลำดับที่ ประเภท เลขเรียก/บาร์โค้ด สถานที่ สถานะ
1. นวนิยาย
นวนิยาย
นว. ซ118ก 2550 ฉ.1 
  Barcode: 021045
ห้องสมุดวิทยาเขตสวรรค์ประชารักษ์
►นวนิยาย
บนชั้น
  ขอยืม

รายการใกล้เคียง
    ผู้แต่ง [ซอย ยูริ]

BibComment


ยังไม่เคยถูกคอมเมนท์

คอมเมนท์ทรัพยากรรายการนี้
  คอมเมนท์: กรุ่นกลิ่นไปรักดอ..


 Copyright 2026. Bcnsprnw @Library